00363nam a2200133Ia 4500008004000000020001500040082001600055100002000071245003600091260003300127300001200160650003300172700002400205210210b1984 xxu||||| |||| 00| 0 eng d a0632011475 a616.01 ROSC aROSS (Philip W) aClinical and oral microbiology. aBoston.bNot Mentionedc1984 avii,170 aClinical Oral Microbiology  aHOLBROOK (W Peter).